| 000 | 00533cam1a220018100 4500 | ||
|---|---|---|---|
| 001 | tmp16037636 | ||
| 003 | UPRA | ||
| 005 | 20190815094344.0 | ||
| 008 | 951128s1991 sa eng u | ||
| 035 | _a(Sirsi) r75469 | ||
| 035 | _a(UPRA)tmp16037636 | ||
| 040 | _cUPRA | ||
| 100 | 1 |
_aBrink, Andre P. _6A35874.1 |
|
| 245 | 1 | 3 |
_aAn act of violence : _bthoughts on the functioning of literature / _cAnere P. Brink. |
| 260 |
_aCapetown : _bThe University, _c1991. |
||
| 949 |
_a(O8)UCN.SER/165 _wlcc _mMAIN _tBOOK _lON-SHELF |
||
| 004 | 75469 | ||
| 999 |
_c59474 _d59474 |
||